Advanced Fiber Spinning Technology (Record no. 2549)

MARC details
000 -LEADER
fixed length control field 00372nam a2200145Ia 4500
008 - FIXED-LENGTH DATA ELEMENTS--GENERAL INFORMATION
fixed length control field 191201s1994 xx 000 0 und d
082 ## - DEWEY DECIMAL CLASSIFICATION NUMBER
Classification number 677.02822
Item number NAA
100 ## - MAIN ENTRY--PERSONAL NAME
Personal name NAKAJIMA, Professor T
245 #0 - TITLE STATEMENT
Title Advanced Fiber Spinning Technology
250 ## - EDITION STATEMENT
Edition statement 1st
260 ## - PUBLICATION, DISTRIBUTION, ETC. (IMPRINT)
Place of publication, distribution, etc N.Delhi
Name of publisher, distributor, etc Woodnead Publisher Ltd.
Date of publication, distribution, etc 1994
300 ## - PHYSICAL DESCRIPTION
Extent 258
650 ## - SUBJECT ADDED ENTRY--TOPICAL TERM
Topical term or geographic name as entry element B.Tech(TE)
942 ## - ADDED ENTRY ELEMENTS (KOHA)
Source of classification or shelving scheme Dewey Decimal Classification
Koha item type Text Books
Holdings
Withdrawn status Lost status Source of classification or shelving scheme Damaged status Not for loan Collection code Home library Current library Date acquired Source of acquisition Cost, normal purchase price Bill Number Total Checkouts Full call number Acc. no. / Barcode Date last seen Bill Date Koha item type
    Dewey Decimal Classification     B.Tech(TE) PIET C-LIBRARY PIET C-LIBRARY 17/01/2007 Abhishek Publications 258.00 7985   677.02822 NAA 5363 04/12/2019 10/02/2006 Text Books
    Dewey Decimal Classification     B.Tech(TE) PIET C-LIBRARY PIET C-LIBRARY 04/03/2008 Technical Book 115.00 TBS/3984   677.02822 NAA 8684 04/12/2019 22/01/2008 Text Books

Design & Developed by: PIET Central Library
R70 Miles Stone Pattikalyana Samalkha Panipat 132102
mail ID :- [email protected], Phone No:- 0180-2569700 Ex.216